Statistiken für Top 15 Länder mit Covid-19-Todesfällen - 23. Juli

Klicken Sie hier um das Quiz zu spielen!

Allgemein

  • Dieses Quiz wurde 8 mal gespielt
  • Das Durchschnittsergebnis liegt bei 18 aus 20

Antwortstatistiken

Land% Korrekt
Brasilien
100%
Deutschland
100%
Frankreich
100%
Indien
100%
Italien
100%
Mexiko
100%
Schweden
100%
Spanien
100%
Vereinigtes Königreich
100%
Vereinigte Staaten
100%
Chile
88%
Kanada
88%
Peru
88%
Russland
88%
Belgien
75%
Ecuador
75%
Iran
75%
Niederlande
75%
Irland
63%
Panama
38%

Verteilung der Resultate

Perzentil nach korrekt beantworteten Fragen

Anzahl Personen mit jedem Resultat

Ihre Resultats-Entwicklung

Sie haben dieses Quiz noch nicht gespielt